000 00829nam a2200253Ia 4500
003 OSt
005 20221005103212.0
006 a|||||r|||| 00| 0
007 ta
008 221004b |||||||| |||| 00| 0 hin d
024 _a107282
037 _cTextual
040 _aCRL
_cCRL
_bhin
041 _2hin
_ahin
082 _aO152,1:g(P:75), J4;K0
100 _aशुक्ल, रामचंद्र
245 0 _aरस मीमांसा
246 _aRas mīmāansā
260 _aकाशी
_bकाशी नागरीप्रचारिणी सभा भारत
_c1960
300 _a406पृ0
_ccm.
650 _aहिन्दी साहित्य
942 _hO152,1:g(P:75), J4;K0
_cTEXL
_2cc
999 _c1009629
_d1009629